| 000 | 00438nab a2200145Ia 4500 | ||
|---|---|---|---|
| 003 | ES-SlBCS | ||
| 005 | 20210601134623.0 | ||
| 008 | 140529s1987 xxu||||| |||| 00| 0 spa d | ||
| 041 | _aspa | ||
| 100 | 1 |
_aCortázar, José Miguel _9220351 |
|
| 245 | 0 | 0 |
_aMotivación de logro y dependencia _c José Miguel Cortázar |
| 650 | 0 | 4 |
_aMotivación de Logro _9220528 |
| 773 | 0 |
_tAnthropos _gvol. 8, nº. 15, 1987, págs. 53-74 _wRev38 |
|
| 942 | _cAR | ||
| 999 |
_c615418 _d615418 |
||